02429nac a22002771u 4500010001600000020002300016020002200039082001500061090001500076100003400091245011800125260006600243300002500309490003900334500002500373504006600398505135500464511002801819650001701847650003601864650004501900830005601945942001702001999001502018952011802033 a 97045264 a1570032572 (cloth) a1570032580 (pbk.)00a306.2bLIN c8555d8555 aLinklater, Andrew. 14aThe transformation of political community :bethical foundations of the Post-Westphalian era /cAndrew Linklater. aColumbia :bUniversity of South Carolina Press,c1998.cc1998. avi, 263 p. ;c23 cm.1 aStudies in international relations aDistributer: Baccah. aIncludes bibliographical references (p. [241]-256) and index.0 aAnarchy, community and critical international theory. The critique of neo-realism. The problem of community in international relations. The changing context of the modern state. Theorising the reconfiguration of political community -- Universality, difference and the emancipatory project. Difference, self-determination and exclusion. The state, citizenship and humanity. Universalism, domination and otherness -- The dialogic ethic and the transformation of political community. Limits on exclusion : membership, citizenship and global responsibilities. The dialogic community. Dialogue and discourse. Universalism revisited -- The modes of exclusion and the boundaries of community. The critical sociology of inclusion and exclusion. Social learning and international relations. Inclusion and exclusion in world civilisations. Towards a sociology of bounded communities -- State power, modernity and its potentials. Origins of the paradoxes of the modern state. On the ambiguities of state power. On the possibility of new state structures. The post-exclusionary state : answerability to universal rationales -- Community and citizenship in the Post-Westphalian era. Citizenship and its development. The problem of the exclusionary sovereign state. Beyond the Westphalian state. Citizenship in the Post-Westphalian state cosmopolitan citizenship. aCatalogued By: Mahitab. 0aCitizenship. 0aCommunitiesxPolitical aspects. 0aInternational relationsxSocial aspects. 0aStudies in international relations (Columbia, S.C.) cBBk306.2LIN c8555d8555 00104070aMAINbMAINc1STd2012-03-08ePurchasel3m2o306.2LINp000010371r2025-07-15 00:00:00s2013-11-21yBB